000 00372pab a2200145 454500
008 180718b1989 xxu||||| |||| 00| 0 eng d
100 _aAlavi, Hamza
245 _aNationhood and the nationalities in Pakistan
260 _c1989
300 _a1527-34
362 _a8 July
650 _aNationalism - Pakistan
773 _aEconomic and Political Weekly
909 _a14277
999 _c14277
_d14277